من حكايات العم عثمان / (رقم التسجيلة. 38822)

تفاصيل مارك
000 -LEADER
fixed length control field 00617nam a22002057a 4500
005 - DATE AND TIME OF LATEST TRANSACTION
control field 20251108170050.0
008 - FIXED-LENGTH DATA ELEMENTS--GENERAL INFORMATION
fixed length control field 250721s9999 xx 000 0 ara d
082 14 - DEWEY DECIMAL CLASSIFICATION NUMBER
Classification number ط/ق/علي
100 1# - MAIN ENTRY--PERSONAL NAME
Personal name عزوز، علي
245 10 - TITLE STATEMENT
Title من حكايات العم عثمان /
264 1# - PRODUCTION, PUBLICATION, DISTRIBUTION, MANUFACTURE, AND COPYRIGHT NOTICE
Place of production, publication, distribution, manufacture تونس :
Name of producer, publisher, distributor, manufacturer مكتبة النجاح،
Date of production, publication, distribution, manufacture, or copyright notice [19-].
300 ## - PHYSICAL DESCRIPTION
Extent 24ص : مص
490 0# - SERIES STATEMENT
Series statement سلسلة طالع تستفد ؛ 1
650 17 - SUBJECT ADDED ENTRY--TOPICAL TERM
Topical term or geographic name as entry element القصص العربية
650 17 - SUBJECT ADDED ENTRY--TOPICAL TERM
Topical term or geographic name as entry element أدب الأطفال
700 1# - ADDED ENTRY--PERSONAL NAME
Personal name بن خليفة، محمد
700 1# - ADDED ENTRY--PERSONAL NAME
Personal name صمود، محمد الطاهر
942 ## - ADDED ENTRY ELEMENTS (KOHA)
Source of classification or shelving scheme Dewey Decimal Classification
Koha item type كتب
المقتنيات
حالة السحب حالة الفقدان مصدر التصنيف حالة التلف غير قابل للإعارة المكتبة الرئيسية المكتبة الحالية موقع الرف تاريخ التزويد الرقم المتسلسل Total Checkouts رقم الإستدعاء تاريخ آخر ظهور تاريخ الفاتورة نوع المادة (كوها)
    Dewey Decimal Classification Unchecked   مكتبة حمزة العامة مكتبة حمزة العامة الأطفال 06/07/2004 616   ط/ق/علي 28/07/2025 06/07/2004 كتب
Implemented & Customized by: BBB with SCIT (Smart Chains for Information Technology)

Powered by Koha